| 000 | 00456nam a22001457a 4500 | ||
|---|---|---|---|
| 020 | _a9789699734113 | ||
| 082 |
_a891.439 _bEHS |
||
| 245 |
_aWapsi/ _bAamira Ehsan |
||
| 260 |
_aاسلام آباد: _bگوشۂ علم و فکر, _c2014. |
||
| 300 | _a44p. ; | ||
| 563 | _aPB | ||
| 880 |
_6100-01\r _aعامرہ احسان |
||
| 880 |
_6245-02\r _a(واپسی (اس دنیا کی کہانی جو ایک سانس کے فاصلے پر ہے |
||
| 942 |
_2ddc _cFIC |
||
| 999 |
_c614621 _d614621 |
||